000 01241nam a22003371i 4500
003 EG-GICUC
005 20260206044302.0
008 260109s1997 ua |||fr|||| 00| 0 ara d
017 _a9792/96
020 _a9770302511
040 _a EG-GICUC
_bara
_c EG-GICUC
_d EG-GICUC
_erda
041 0 _aAra
082 0 4 _221
_a343.82
_bر م . ع
092 0 4 _221
099 _aLaw1 10 343.82 ر م . ع 1997
100 0 _aرمسيس بهنام
_eمؤلف.
245 1 0 _aعلم النفس القضائى :
_bسبيل السمو بمرفق العدالة إلى مزيد من ألأداء والفعالية/
_cتأليف دكتور رمسيس بهنام.
264 1 _aالإسكندرية:
_bمنشأة دار المعارف،
_c1997.
264 3 _bمركز الدلتا للطباعة
300 _a346 صفحة؛
_c24 سم.
336 _2rda content
_atext
337 _2rda media
_aComputer
338 _2rda carrier
_aOnline Resource
546 _aالنص باللغة العربية
650 1 _aعلم النفس القضائى
_2qrmak
650 1 _aالقانون الجنائى
_2qrmak
651 1 _2qrmak
856 4 0 _uhttps://fll.law.cu.edu.eg/fulltext/bks/B10-07501.pdf
905 _a54
_eYara
942 _2ddc
_cBK
_e21
_n0
999 _c55787
_d55787